00530nam a2200169Ia 450000500170000000800410001702000160005808200130007410000130008724500360010026000480013630000120018450000480019694200060024495200950025099900150034520250703021611.0240331s9999 xx 000 0 und d a95591022910 bTHAa920 aThampo,M 0aSelestina Dias jeewitha kathawa aColombobSocial Scientist Associationc2000 a146 p., aBuddhist Women's Philanthropy and education cL 001040708LaWERCLbWERCLcSSCd2024-03-31l0o 920 THAp4453r2024-03-31w2024-03-31yL c5292d5292